00495cam a2200157 a 4500020001500000040001000015082002700025100002200052245004800074260003500122300003400157650003600191650002500227650002300252856006200275 a0070633509 cFCoaB00a362 MCG 1998 A010 Or. 1 aSullivan, Toni J.10aCollaboration :ba health care imperative / aNew York :bMcGraw-Hill,c1998 axxv, 646 p. :bill. ;c24 cm. 0aNurse-physician joint practice. 0aMedical cooperation. 0aHealth care teams.42uhttp://www.loc.gov/catdir/description/mh023/98124561.html